Divergent - Statistics

General Stats
  • This quiz has been taken 150 times
    146 since last reset
  • The average score is 9 of 10
Answer Stats
Question Answer % Correct
What is Four's real name? Tobias Eaton
99%
Who is Tris's best friend in the dauntless initiation? Christina
96%
Who is Four's rival and a leader of Dauntless? Eric
94%
What are the names of the five factions? Erudite, Dauntless, Candor, Abnegation, and Amity
93%
What is the first challenge in the Dauntless Initiation? Jumping off a train
93%
What faction did Caleb choose? Erudite
91%
Why did Tobias switch Factions? Because of Marcus
89%
What is Beatrice's new tattoo? A flock of ravens
88%
Which of the following is Divergent Tobias
85%
Who does Peter stab in the eye? Edward
78%
No matching quizzes found
Score Distribution
Percent of People with Each Score
Percentile by Number Answered
Your Score History
You have not taken this quiz since the last reset